000 00715nam a2200241 i 4500
001 C2-0292633
003 PPAK
005 20180728024629.0
008 090107s1986 nyu |||| ||||| | eng d
020 _a0940450356 ; 9780940450356
040 _aPPAK
_beng
_cPPAK
_erda
082 0 4 _a973
_223
090 0 0 _a973
_bADA
_dLCK
100 1 _aAdams, Henry,
_eauthor
245 1 0 _aHistory of the United States of America during the administrations of James Madison
264 1 _aNew York :
_bThe Library of America ,
_c1986
300 _a1436 pages ;
_c21 cm
336 _2rdacontent
_atext
337 _2rdamedia
_aunmediated
338 _2rdacarrier
_avolume
650 1 0 _aUnited States - History
942 _ddc
_cB
999 _c97482
_d97482